000 00902nas a2200349 4500
001 BR8807211
003 BR-BrBNA
005 20231205091402.0
007 ta
008 230509b bl.|||p| |||| 00| 00por d
040 _aBR-BrBNA
_bpor
_cBiblioteca Nacional de Agricultura
041 _a(Pt)
072 _aL02
100 1 _aSilva, R.V. da
245 1 _aMinerais: Nem tudo e calcio e fosforo
650 _aPRODUCAO ANIMAL
650 _aDEFICIENCIA MINERAL
650 _aSUPLEMENTO MINERAL
650 _aMICROELEMENTO
650 _aPROFILAXIA
650 _aSELENIO
650 _aZINCO
650 _aMANGANES
650 _aFERRO
650 _aCOBRE
650 _aIODO
650 _aCOBALTO
650 _aGADO
773 0 _tGado Holandes (Brazil)
_xISSN 0101-7977
_g(Oct 1987), v. 52(143) p. 53-56
_wBR8807211
909 _a202311
_bLúcia
_c55
_dLúcia Elande
942 _2AGRIS
_n0
_cANA
999 _c124728
_d124728